Word Quest (Countries) Quiz Stats

 Plays Quiz Updated Feb 13, 2019

Also try: Big 4 Word Quest
Challenge
Share
Tweet
Embed
Score 0/5 Timer 04:00
3 Plays Today
% Correct
Colombia is Correct
79.6%
Romania is Correct
68.3%
Cameroon is Correct
60.6%
El Salvador is Correct
56.4%
Lebanon is Correct
45%

You're not logged in!

Compare scores with friends on all Sporcle quizzes.
OR
Log In

You Might Also Like...

Show Comments

Extras

Top Quizzes Today


Score Distribution

Your Account Isn't Verified!

In order to create a playlist on Sporcle, you need to verify the email address you used during registration. Go to your Sporcle Settings to finish the process.

Report this User

Report this user for behavior that violates our Community Guidelines.

Details: